000 00469nam a2200181Ia 4500
005 20250508150312.0
008 008 250505s9999 xx 000 0 eng d
037 _aTextual
040 _aFEDL
_beng
_cFEDL
041 _aeng
_2eng
084 _a643, YER
_qFEDL
100 _aYerbury F R Ed.
_9756343
245 0 _aModern home
260 _aLondon, UK
_bOdhams Press Limited
300 _a319p.
942 _cTEXL
_h643, YER
999 _c1322886
_d1322886